Logo BPK

Biblioteka

Politechniki Koszalińskiej

Self-Assessment and Behavior Change Manual / (Rekord nr 47716)

Szczegóły MARC
000 -ETYKIETA REKORDU
podpole kontrolne o stałej długości 00630nam a2200217 i 4500
001 - NUMER KONTROLNY REKORDU
pole kontrolne bgj
020 ## - MIĘDZYNARODOWY ZNORMALIZOWANY NUMER KSIĄŻKI - ISBN
ISBN 0394338413
040 ## - ŹRÓDŁO KATALOGOWANIA
Instytucja, która utworzyła rekord BPK
041 ## - KOD JĘZYKA
Kod języka tekstu eng
920 ## - Międzynarodowy znormalizowany numer książki – ISBN
ISBN 0-394-33841-3
008 - POLE O STAŁEJ DŁUGOŚCI - DANE KONTROLNE
podpole kontrolne o stałej długości s uk f |000 0 eng
100 1# - NAZWA OSOBOWA
Nazwa osobowa BLAKE, Peggy
245 10 - TYTUŁ/ODPOWIEDZIALNOŚĆ
Tytuł Self-Assessment and Behavior Change Manual /
Pozostałe elementy strefy tytułu i oznaczenia odpowiedzialności Peggy Blake ; Robert Frye ; Michael Pejsach.
260 ## - STREFA ADRESU WYDAWNICZEGO
Miejsce wydania New York :
Nazwa wydawcy/dystrybutora Random House,
Data publikacji, dystrybucji/powstania dokumentu c. 1984.
300 ## - STREFA OPISU FIZYCZNEGO
Objętość VIII, 163 pp :
Inne cechy fizyczne fig. ;
Rozmiary 28 cm.
650 #9 - HASŁO PRZEDMIOTOWE W FORMIE NAZWY OGÓLNEJ LUB JEDNOSTKOWEJ
Nazwa ogólna lub geograficzna Self assessment (|Psychology)
650 #9 - HASŁO PRZEDMIOTOWE W FORMIE NAZWY OGÓLNEJ LUB JEDNOSTKOWEJ
Nazwa ogólna lub geograficzna Health
700 1# - HASŁO DODATKOWE - NAZWA OSOBOWA
Nazwa osobowa FRYE, Robert.
Określenie związku między hasłem a opisywanym materiałem co-author
700 1# - HASŁO DODATKOWE - NAZWA OSOBOWA
Nazwa osobowa PEJSACH, Michael.
Określenie związku między hasłem a opisywanym materiałem co-author
856 ## - LOKALIZACJA I DOSTĘP DO ELEKTRONICZNYCH DOKUMENTÓW ZDALNYCH
Link (URL) http://koha.tu.koszalin.pl/cgi-bin/koha/opac-detail.pl?biblionumber=47716
Tekst linku Katalog online BPK
942 ## - DODATKOWE ELEMENTY (KOHA)
Typ dokumentu Książka
Egzemplarze
Wycofany Status egzemplarza Uszkodzony Dostępność Lokalizacja stała Lokalizacja bieżąca Miejsce przechowywania Sygnatura Kod kreskowy Typ dokumentu
      Dostępny Biblioteka Politechniki Koszalińskiej Biblioteka Politechniki Koszalińskiej Wypożyczalnia Językowa KA 4276 09085954 Książka
      Dostępny Biblioteka Politechniki Koszalińskiej Biblioteka Politechniki Koszalińskiej Wypożyczalnia Językowa KA 4277 09085961 Książka
© 2023 Biblioteka Politechniki Koszalińskiej :: KOHA